header

The fidelity of isopleth maps (Record no. 153785)

MARC details
000 -LEADER
fixed length control field 01240nam a2200313 a 4500
082 04 - DEWEY DECIMAL CLASSIFICATION NUMBER
Classification number 912
100 1# - MAIN ENTRY--AUTHOR NAME
Personal name Xu, Meiling.
245 14 - TITLE STATEMENT
Title The fidelity of isopleth maps
260 ## - PUBLICATION, DISTRIBUTION, ETC. (IMPRINT)
Place of publication Minneapolis :
Name of publisher University of Minnesota Press,
Year of publication [1970]
300 ## - PHYSICAL DESCRIPTION
Number of Pages 92 p., plates :
Other physical details ill. (some col.), maps.
650 #0 - SUBJECT ADDED ENTRY--TOPICAL TERM
Topical Term Cartography.
700 1# - ADDED ENTRY--PERSONAL NAME
Personal name Robinson, Arthur Howard,
856 40 - ELECTRONIC LOCATION AND ACCESS
Uniform Resource Identifier http://site.ebrary.com/lib/rucke/Doc?id=10231180

No items available.

© 2026 Rongo University
Contact us: librarian | system librarian | Rongo university